000
00250nam a2200097Ia 4500
001
739092
005
20250826164006.0
008
250824s9999 xx 000 0 und d
245
0
_a
YENİ GÜN YENİ UMUT
_c
MEHMET FİDAN
260
_b
ATLI KARINCA YAYINLARI
999
_c
739092
_d
739092